zpět

Detail výsledku týmu

PUBBLIKUM na Kovárně, Břeclav

Datum a čas kvízu

30.5 Celkem bodů Celkový počet nahraných bodů na tomto kvízu bez doplňovacích otázek.
3. Pořadí na kvízu Konečné umístění týmu na tomto kvízu.

Zaznamenané odpovědi

# Otázka Odpověď Body Výsledky
1. Ve věku 97 let nás opustil Jiř... D) stenograf 1
2. V pondělí začalo největší nábo... v Indii 1
3. Jedno české hudební vydavatels... Supraphon, Sony (Music Entertainment) 0.5
4. V úterý vzlétla do vesmíru pom... A) TROLL 0
5. V pondělí jsme se na sociálníc... Adamczykovi 1
6. Který legendární řemeslník pos... Daidalos 0
7. Labyrint je specializovaný org... D 1
8. Labyrinty jsou oblíbeným motiv... Nizozemsko 0
9. Která kost lebky obsahuje kost... kost spánková 0
10. Jak se jmenuje kniha, v níž vy... Labyrint světa a ráj srdce 1